Small business management : a resource - based approach for the hospitality and tourism industries
Αποθηκεύτηκε σε:
| Κύριος συγγραφέας: | |
|---|---|
| Άλλοι συγγραφείς: | , |
| Μορφή: | Βιβλίο |
| Γλώσσα: | English |
| Δημοσίευση: |
London :
Cassel,
1997
|
| Σειρά: | Hospitality and tourism resource-based series
|
| Θέματα: | |
| Ετικέτες: |
Προσθήκη ετικέτας
Δεν υπάρχουν, Καταχωρήστε ετικέτα πρώτοι!
|
MARC
| LEADER | 00000nam a2200000 i 4500 | ||
|---|---|---|---|
| 001 | 1/64785 | ||
| 008 | 980817s1997 eng d | ||
| 020 | |a 0304334413 | ||
| 035 | |l 10029496 | ||
| 040 | |a GR-MY-UA |b gre |e aacr | ||
| 041 | 0 | |a eng | |
| 100 | 1 | |a Boer, Andrew J. | |
| 245 | 1 | 0 | |a Small business management : |b a resource - based approach for the hospitality and tourism industries / |c Andrew Boer, Rhodory Thomas, Michele Webster |
| 260 | |a London : |b Cassel, |c 1997 | ||
| 300 | |a iv, 60 p. | ||
| 490 | 1 | |a Hospitality and tourism resource-based series | |
| 650 | 0 | 0 | |a Hospitality industry |x Management. |
| 700 | 1 | |a Thomas, Rhodri. | |
| 700 | 1 | |a Webster, Michele. | |
| 830 | 0 | |a Hospitality and tourism resource-based series | |
| 852 | |a INST |b CHIOS |e 19980817 |h 647.94068 BOE |p 005200016017 |q 005200016017 |t BK |y 0 | ||
| 852 | |a INST |b CHIOS |e 20000225 |h 647.94068 BOE |p 005200018579 |q 005200018579 |t BK |y 0 | ||
| 901 | |a BIBL-1998-2 | ||
| 901 | |a BIBL2-2000-1 | ||
| 909 | |a Χ |b 058243 | ||
| 909 | |a Χ |b 054364 | ||
| 922 | |a 2ΕΛΗ |b 199806 |c ΤΔΕ |d ΠΑΠΑΣΩΤΗΡΙΟΥ | ||
| 922 | |a 2ΕΛΗ |b 199803 |c ΤΔΕ |d ΠΑΠΑΣΩΤΗΡΙΟΥ | ||